| 000 | 00534nam a22001937a 4500 | ||
|---|---|---|---|
| 005 | 20230119113127.0 | ||
| 008 | 200511b xxu||||| |||| 00| 0 eng d | ||
| 020 | _a9788123919195 | ||
| 041 | _aeng | ||
| 082 |
_a615.17 _bQAD |
||
| 100 | _aQADRY, J.S | ||
| 245 |
_aTextbook of Inorganic pharmaceutical and medicinal chemistry. _cJ.S. QADRY |
||
| 250 | _a11'th | ||
| 260 |
_aNew Delhi _bCBS Publisher and Distributors _c2019 |
||
| 300 | _a286,xiv | ||
| 650 |
_aPharmacy _xB.PHARMA _97083 |
||
| 700 |
_aJ.S . Qadry _95341 |
||
| 942 | _cBK | ||
| 999 |
_c6183 _d6181 |
||